000 00884cam a22002531 4500
001 ca 33000825
003 DLC
005 20260227111129.0
008 791204s1929 kyu 000 0 eng
010 _aca 33000825
035 _a(OCoLC)5756358
040 _aDLC
_cKyDC
_dDLC
042 _apremarc
050 0 0 _aF459.H32
_bJ5
082 _a976.9
100 1 _aJillson, Willard Rouse,
_d1890-
245 1 4 _aThe founding of Harrodsburg.
_bOld Fort Harrod.
_cBy Willard Rouse Jillson.
260 _aFrankfort, Ky.,
_bKentucky state park commission,
_c1929.
300 _a14 p.
_billus.
_c25.5 cm.
500 _a"Two illustrated papers reprinted with revisions from the Register of the Kentucky state historical society, vol. 27, no. 81, September, 1929."
504 _a"Selected bibliography": p. 9-14.
651 0 _aHarrodsburg (Ky.)
651 0 _aFort Harrod (Harrodsburg, Ky.)
999 _c17112
_d17112